[Event "GER-ch64 V06 email"]
[Site "GER email"]
[Date "2011.06.10"]
[Round "?"]
[White "Dressel, Robert"]
[Black "Krause, Norbert"]
[Result "0-1"]
[WhiteElo "2031"]
[BlackElo "1888"]
[PlyCount "61"]
[EventDate "2011.06.17"]
[EventType "tourn (corr)"]
[EventRounds "6"]
[EventCountry "GER"]
[SourceTitle "Corr 2015"]
[Source "ChessBase"]
[SourceDate "2015.07.17"]
[SourceVersion "1"]
[SourceVersionDate "2015.07.17"]
[SourceQuality "1"]
[WhiteTeam "Germany"]
[BlackTeam "Germany"]
[WhiteTeamCountry "GER"]
[BlackTeamCountry "GER"]

1. e4 e5 2. Nf3 Nc6 3. Bb5 a6 4. Ba4 Nf6 5. 0-0 Be7 6. Re1 b5 7. Bb3 0-0 8. c3 d6 9. h3 Na5 10. Bc2 c5 11. d4 Qc7 12. Nbd2 cxd4 13. cxd4 Bb7 14. d5 Rac8 15. Bd3 Nh5 16. Nf1 Nf4 17. Bxf4 exf4 18. Qd2 Bf6 19. Rac1 Qb6 20. b3 g5 21. h4 h6 22. hxg5 hxg5 23. g3 b4 24. gxf4 Bc3 25. Qe2 gxf4 26. Nh4 f5 27. exf5 Qd4 28. Qg4+ Qg7 29. Ng6 Bxe1 30. Rxe1 Rc7 31. Qg5 0-1

[Event "GER-ch64 V06 email"]
[Site "GER email"]
[Date "2011.06.10"]
[Round "?"]
[White "Koch, Hans Georg"]
[Black "Dressel, Robert"]
[Result "1-0"]
[WhiteElo "2103"]
[BlackElo "2031"]
[PlyCount "37"]
[EventDate "2011.06.17"]
[EventType "tourn (corr)"]
[EventRounds "6"]
[EventCountry "GER"]
[SourceTitle "Corr 2015"]
[Source "ChessBase"]
[SourceDate "2015.07.17"]
[SourceVersion "1"]
[SourceVersionDate "2015.07.17"]
[SourceQuality "1"]
[WhiteTeam "Germany"]
[BlackTeam "Germany"]
[WhiteTeamCountry "GER"]
[BlackTeamCountry "GER"]

1. e4 e6 2. d4 d5 3. Nc3 Nf6 4. Bg5 Be7 5. e5 Nfd7 6. h4 0-0 7. Bd3 c5 8. Nh3 g6 9. dxc5 Nxc5 10. f4 Nc6 11. Qd2 Qb6 12. Bxe7 Nxe7 13. 0-0-0 h5 14. g4 Nxd3+ 15. Qxd3 hxg4 16. Ng5 Nf5 17. h5 Qe3+ 18. Qxe3 Nxe3 19. Rd3 1-0

[Event "GER MS-127 email"]
[Site "GER email"]
[Date "2011.03.28"]
[Round "?"]
[White "Dressel, Robert"]
[Black "Gappel, Heinz"]
[Result "0-1"]
[WhiteElo "1984"]
[BlackElo "2049"]
[PlyCount "35"]
[EventDate "2011.03.31"]
[EventType "tourn (corr)"]
[EventRounds "6"]
[EventCountry "GER"]
[SourceTitle "Corr 2015"]
[Source "ChessBase"]
[SourceDate "2015.07.17"]
[SourceVersion "1"]
[SourceVersionDate "2015.07.17"]
[SourceQuality "1"]
[WhiteTeam "Germany"]
[BlackTeam "Germany"]
[WhiteTeamCountry "GER"]
[BlackTeamCountry "GER"]

1. e4 c5 2. Nf3 Nc6 3. Bb5 g6 4. 0-0 Bg7 5. Re1 Nf6 6. e5 Nd5 7. Nc3 Nc7 8. Bxc6 dxc6 9. Ne4 Ne6 10. d3 0-0 11. Be3 b6 12. Qd2 Nd4 13. Nxd4 cxd4 14. Bh6 Qd5 15. Bxg7 Kxg7 16. Qg5 Qe6 17. Ng3 h6 18. Qh4 0-1

[Event "GER MS-127 email"]
[Site "GER email"]
[Date "2011.03.28"]
[Round "?"]
[White "Dressel, Robert"]
[Black "Neubauer, Ralf"]
[Result "0-1"]
[WhiteElo "1984"]
[BlackElo "1981"]
[PlyCount "93"]
[EventDate "2011.03.31"]
[EventType "tourn (corr)"]
[EventRounds "6"]
[EventCountry "GER"]
[SourceTitle "Corr 2015"]
[Source "ChessBase"]
[SourceDate "2015.07.17"]
[SourceVersion "1"]
[SourceVersionDate "2015.07.17"]
[SourceQuality "1"]
[WhiteTeam "Germany"]
[BlackTeam "Germany"]
[WhiteTeamCountry "GER"]
[BlackTeamCountry "GER"]

1. e4 c6 2. d4 d5 3. Nc3 dxe4 4. Nxe4 Nd7 5. Ng5 Ngf6 6. Bd3 e6 7. N1f3 Bd6 8. Qd2 h6 9. Ne4 Nxe4 10. Bxe4 0-0 11. 0-0 Qc7 12. c3 b6 13. Qe2 a5 14. Bc2 Ba6 15. Bd3 Bxd3 16. Qxd3 Rfd8 17. g3 c5 18. Rd1 c4 19. Qe2 a4 20. Nd2 b5 21. Ne4 Nb6 22. Nxd6 Qxd6 23. Bf4 Qc6 24. a3 Nd5 25. Qf3 Ra6 26. Re1 Qd7 27. Re5 f6 28. Re2 Qf7 29. Rae1 Rf8 30. h3 Kh8 31. Bc1 Rg8 32. h4 Rd8 33. Qg2 Kh7 34. Qe4+ Kg8 35. Qg4 h5 36. Qh3 Re8 37. f3 Kf8 38. Qg2 Qg6 39. g4 Kf7 40. Bd2 Rh8 41. Qg3 Rc6 42. Qh3 Re8 43. Rg2 Rf8 44. gxh5 Qxh5 45. Rge2 Re8 46. Kg2 g6 47. Kf1 0-1

[Event "GER MS-127 email"]
[Site "GER email"]
[Date "2011.03.28"]
[Round "?"]
[White "Richter, Marko"]
[Black "Dressel, Robert"]
[Result "1-0"]
[WhiteElo "2021"]
[BlackElo "1984"]
[PlyCount "73"]
[EventDate "2011.03.31"]
[EventType "tourn (corr)"]
[EventRounds "6"]
[EventCountry "GER"]
[SourceTitle "Corr 2015"]
[Source "ChessBase"]
[SourceDate "2015.07.17"]
[SourceVersion "1"]
[SourceVersionDate "2015.07.17"]
[SourceQuality "1"]
[WhiteTeam "Germany"]
[BlackTeam "Germany"]
[WhiteTeamCountry "GER"]
[BlackTeamCountry "GER"]

1. e4 e6 2. d4 d5 3. Nc3 Nf6 4. e5 Nfd7 5. f4 c5 6. Nf3 Nc6 7. Be3 cxd4 8. Nxd4 Bc5 9. Qd2 Nxd4 10. Bxd4 a6 11. 0-0-0 Bxd4 12. Qxd4 Qb6 13. Ne2 Qxd4 14. Nxd4 Ke7 15. Be2 Nc5 16. Rhf1 Bd7 17. g4 Rac8 18. f5 Ne4 19. Bf3 Nc5 20. Kd2 b5 21. c3 Na4 22. Rb1 a5 23. Be2 b4 24. cxb4 axb4 25. Rf4 Ra8 26. fxe6 fxe6 27. Nc2 Nc5 28. Nxb4 g5 29. Rff1 Rab8 30. a3 Rbc8 31. Ke1 Ba4 32. h3 d4 33. Rc1 Nd7 34. Rxc8 Rxc8 35. Nd3 h6 36. Rg1 Nb6 37. Rf1 1-0

[Event "GER MS-126 email"]
[Site "GER email"]
[Date "2011.03.21"]
[Round "?"]
[White "Mayer, Johann"]
[Black "Dressel, Robert"]
[Result "0-1"]
[WhiteElo "2028"]
[BlackElo "1984"]
[PlyCount "22"]
[EventDate "2011.03.29"]
[EventType "tourn (corr)"]
[EventRounds "6"]
[EventCountry "GER"]
[SourceTitle "Corr 2015"]
[Source "ChessBase"]
[SourceDate "2015.07.17"]
[SourceVersion "1"]
[SourceVersionDate "2015.07.17"]
[SourceQuality "1"]

1. e4 e6 2. d4 d5 3. Nc3 Nf6 4. Bg5 Be7 5. e5 Nfd7 6. Bxe7 Qxe7 7. f4 0-0 8. Nf3 c5 9. Qd3 a6 10. 0-0-0 c4 11. h4 cxd3 0-1

[Event "GER 1. Rucki-Zucki-Cup/V04 email"]
[Site "GER email"]
[Date "2010.12.16"]
[Round "?"]
[White "Dressel, Robert"]
[Black "Koenig, Frank"]
[Result "1-0"]
[WhiteElo "2057"]
[BlackElo "1919"]
[PlyCount "67"]
[EventDate "2010.12.22"]
[EventType "tourn (corr)"]
[EventRounds "6"]
[EventCountry "GER"]
[SourceTitle "Corr 2015"]
[Source "ChessBase"]
[SourceDate "2015.07.17"]
[SourceVersion "1"]
[SourceVersionDate "2015.07.17"]
[SourceQuality "1"]
[WhiteTeam "Germany"]
[BlackTeam "Latvia"]
[WhiteTeamCountry "GER"]
[BlackTeamCountry "LAT"]

1. d4 Nf6 2. c4 e6 3. Nf3 Bb4+ 4. Bd2 0-0 5. Bxb4 d6 6. Nc3 Nc6 7. Ba3 a6 8. e4 Re8 9. Be2 e5 10. d5 Ne7 11. Nh4 Bd7 12. 0-0 Nc8 13. Qd3 Nb6 14. Rac1 Rc8 15. c5 dxc5 16. Bxc5 Nfxd5 17. Nxd5 Qxh4 18. Nxb6 cxb6 19. Qxd7 bxc5 20. Qxb7 Rb8 21. Qxa6 Qxe4 22. Rxc5 Rxb2 23. Bc4 Qd4 24. Rd5 Qf4 25. Rd7 Kh8 26. Rxf7 Qg4 27. Bb3 Re2 28. h3 Qh5 29. Qd6 h6 30. Rf8+ Rxf8 31. Qxf8+ Kh7 32. Bg8+ Kg6 33. g4 Qh4 34. Qf5# 1-0

[Event "GER 1. Rucki-Zucki-Pokal/V08 email"]
[Site "GER email"]
[Date "2010.12.16"]
[Round "?"]
[White "Dressel, Robert"]
[Black "Kuerten, Detlef"]
[Result "1/2-1/2"]
[WhiteElo "2060"]
[BlackElo "1802"]
[PlyCount "38"]
[EventDate "2010.12.22"]
[EventType "tourn (corr)"]
[EventRounds "6"]
[EventCountry "GER"]
[SourceTitle "Corr 2013"]
[Source "ChessBase"]
[SourceDate "2012.11.12"]
[SourceVersion "1"]
[SourceVersionDate "2012.11.12"]
[SourceQuality "1"]

1. d4 d5 2. c4 e6 3. Nc3 Nf6 4. Nf3 Be7 5. Bg5 h6 6. Bh4 0-0 7. e3 b6 8. Bd3 dxc4 9. Bxc4 Bb7 10. 0-0 Nbd7 11. Qe2 Ne4 12. Nxe4 Bxe4 13. Bg3 Bd6 14. Rfd1 Bxg3 15. hxg3 Qe7 16. Rac1 c5 17. dxc5 Nxc5 18. b4 Nd7 19. a3 Rfd8 1/2-1/2

[Event "GER 1. Rucki-Zucki-Cup/V04 email"]
[Site "GER email"]
[Date "2010.12.16"]
[Round "?"]
[White "Preusse, Goetz"]
[Black "Dressel, Robert"]
[Result "1/2-1/2"]
[WhiteElo "1918"]
[BlackElo "2057"]
[PlyCount "55"]
[EventDate "2010.12.22"]
[EventType "tourn (corr)"]
[EventRounds "6"]
[EventCountry "GER"]
[SourceTitle "Corr 2015"]
[Source "ChessBase"]
[SourceDate "2015.07.17"]
[SourceVersion "1"]
[SourceVersionDate "2015.07.17"]
[SourceQuality "1"]
[WhiteTeam "Germany"]
[BlackTeam "Latvia"]
[WhiteTeamCountry "GER"]
[BlackTeamCountry "LAT"]

1. e4 e6 2. d4 d5 3. Nc3 Nf6 4. Bg5 Be7 5. e5 Nfd7 6. Bxe7 Qxe7 7. f4 0-0 8. Bd3 c5 9. Nf3 f5 10. 0-0 Nc6 11. Qd2 a6 12. a3 Rb8 13. Qf2 b5 14. b3 Bb7 15. a4 b4 16. Ne2 Rbc8 17. Rad1 Ncb8 18. dxc5 Nxc5 19. Qh4 Qxh4 20. Nxh4 Nc6 21. Nf3 h5 22. Ra1 a5 23. Ned4 Nxd4 24. Nxd4 Kf7 25. Rf3 Ke7 26. Rg3 Rg8 27. Bb5 g6 28. Rf1 1/2-1/2

[Event "GER 1. Rucki-Zucki-Cup/V04 email"]
[Site "GER email"]
[Date "2010.12.16"]
[Round "?"]
[White "Wolfrum, Rudolf"]
[Black "Dressel, Robert"]
[Result "1-0"]
[WhiteElo "2207"]
[BlackElo "2057"]
[PlyCount "57"]
[EventDate "2010.12.22"]
[EventType "tourn (corr)"]
[EventRounds "6"]
[EventCountry "GER"]
[SourceTitle "Corr 2015"]
[Source "ChessBase"]
[SourceDate "2015.07.17"]
[SourceVersion "1"]
[SourceVersionDate "2015.07.17"]
[SourceQuality "1"]
[WhiteTeam "Germany"]
[BlackTeam "Latvia"]
[WhiteTeamCountry "GER"]
[BlackTeamCountry "LAT"]

1. e4 e6 2. d4 d5 3. Nd2 c5 4. Ngf3 Nf6 5. exd5 exd5 6. Bb5+ Bd7 7. Bxd7+ Nbxd7 8. 0-0 Be7 9. dxc5 Nxc5 10. Nb3 Nce4 11. Nfd4 0-0 12. Nf5 Re8 13. Nxe7+ Qxe7 14. Be3 Qc7 15. f3 Nd6 16. Bf2 Nc4 17. Qd4 Na5 18. Qd3 Nxb3 19. axb3 a6 20. Rfd1 Re6 21. Rd2 Rae8 22. c3 h6 23. Rad1 Qa5 24. b4 Qc7 25. b5 Qc4 26. bxa6 Rxa6 27. Bd4 Nh7 28. h3 Ra2 29. Qb1 1-0

[Event "GER-Cup17 qual-11 Server email"]
[Site "GER email"]
[Date "2008.10.26"]
[Round "?"]
[White "Dressel, Robert"]
[Black "Gappel, Heinz"]
[Result "1/2-1/2"]
[WhiteElo "2125"]
[BlackElo "2045"]
[PlyCount "43"]
[EventDate "2008.??.??"]
[EventType "tourn (corr)"]
[EventRounds "6"]
[EventCountry "GER"]
[SourceTitle "Corr 2011"]
[Source "ChessBase"]
[SourceDate "2010.08.31"]
[SourceVersion "1"]
[SourceVersionDate "2010.08.31"]
[SourceQuality "1"]

1. d4 Nf6 2. c4 g6 3. Nc3 d5 4. Nf3 Bg7 5. Qb3 dxc4 6. Qxc4 0-0 7. e4 a6 8. Be2 b5 9. Qb3 c5 10. dxc5 Bb7 11. 0-0 Nxe4 12. Nxe4 Bxe4 13. Bf4 Bd5 14. Qe3 Bxb2 15. Rad1 e6 16. Bd6 Re8 17. Ne5 Bxe5 18. Bxe5 Nc6 19. Ba1 Ra7 20. Rd2 b4 21. Qf4 e5 22. Qe3 1/2-1/2

[Event "GER-Cup17 qual-11 Server email"]
[Site "GER email"]
[Date "2008.10.26"]
[Round "?"]
[White "Dressel, Robert"]
[Black "Wechselberg, Claus"]
[Result "1-0"]
[WhiteElo "2125"]
[BlackElo "1640"]
[PlyCount "43"]
[EventDate "2008.??.??"]
[EventType "tourn (corr)"]
[EventRounds "6"]
[EventCountry "GER"]
[SourceTitle "Corr 2011"]
[Source "ChessBase"]
[SourceDate "2010.08.31"]
[SourceVersion "1"]
[SourceVersionDate "2010.08.31"]
[SourceQuality "1"]

1. d4 Nf6 2. c4 g6 3. Nc3 Bg7 4. e4 0-0 5. Nf3 d6 6. Be2 Nbd7 7. 0-0 e5 8. Re1 exd4 9. Nxd4 Nc5 10. f3 Be6 11. Be3 Nfd7 12. b4 Na6 13. Rb1 Ne5 14. c5 Bc4 15. cxd6 Qxd6 16. f4 Bxe2 17. Qxe2 Nc6 18. e5 Nxe5 19. fxe5 Bxe5 20. Rbd1 Qxb4 21. Nd5 Qd6 22. Nb5 1-0

[Event "GER-Cup17 qual-11 Server email"]
[Site "GER email"]
[Date "2008.10.26"]
[Round "?"]
[White "Wimmer, Ralph G"]
[Black "Dressel, Robert"]
[Result "1/2-1/2"]
[WhiteElo "1640"]
[BlackElo "2125"]
[PlyCount "76"]
[EventDate "2008.??.??"]
[EventType "tourn (corr)"]
[EventRounds "6"]
[EventCountry "GER"]
[SourceTitle "Corr 2011"]
[Source "ChessBase"]
[SourceDate "2010.08.31"]
[SourceVersion "1"]
[SourceVersionDate "2010.08.31"]
[SourceQuality "1"]

1. e4 e6 2. d4 d5 3. exd5 exd5 4. Nc3 Bb4 5. Bd3 Nf6 6. Nge2 0-0 7. 0-0 c6 8. a3 Be7 9. Re1 Re8 10. Ng3 Bg4 11. Qd2 Nbd7 12. h3 Be6 13. Qd1 Bd6 14. Qf3 Qc7 15. Bd2 Re7 16. Nge2 Rae8 17. Rab1 h6 18. Ng3 Qb6 19. Nge2 Nh7 20. Na4 Qd8 21. Bf4 Ng5 22. Qg3 Bxf4 23. Nxf4 Nf6 24. f3 Bc8 25. Kf1 Ne6 26. Nxe6 Bxe6 27. Nc5 Bc8 28. Rxe7 Qxe7 29. Qh4 b6 30. Na4 c5 31. dxc5 bxc5 32. Re1 Be6 33. b4 c4 34. Bf5 Qc7 35. Bxe6 fxe6 36. Nc5 e5 37. Kg1 Qf7 38. Qf2 Nh5 1/2-1/2

[Event "GER Cup17 sf10 email"]
[Site "GER email"]
[Date "2008.05.31"]
[Round "?"]
[White "Boehnke, Hartmut"]
[Black "Dressel, Robert"]
[Result "0-1"]
[WhiteElo "2010"]
[BlackElo "2125"]
[PlyCount "54"]
[EventDate "2008.??.??"]
[EventType "tourn (corr)"]
[EventRounds "6"]
[EventCountry "GER"]
[SourceTitle "Corr 2011"]
[Source "ChessBase"]
[SourceDate "2010.08.31"]
[SourceVersion "1"]
[SourceVersionDate "2010.08.31"]
[SourceQuality "1"]

1. e4 e6 2. d4 d5 3. Nc3 Bb4 4. e5 c5 5. a3 Bxc3+ 6. bxc3 Ne7 7. a4 Nbc6 8. Nf3 Qa5 9. Bd2 Bd7 10. Be2 c4 11. 0-0 f6 12. Re1 fxe5 13. Nxe5 Nxe5 14. dxe5 0-0 15. Qc1 Nf5 16. Qa3 Qc7 17. Bg4 a5 18. Rab1 Bc6 19. Be3 Qxe5 20. Bc5 Qf4 21. Bxf8 Qxg4 22. Bd6 Nh4 23. Bg3 Nxg2 24. f3 Qxf3 25. Rf1 Qe3+ 26. Rf2 Ne1 27. Qc1 Nf3+ 0-1

[Event "GER Cup17 sf10 email"]
[Site "GER email"]
[Date "2008.05.31"]
[Round "?"]
[White "Huber, Martin"]
[Black "Dressel, Robert"]
[Result "0-1"]
[WhiteElo "1767"]
[BlackElo "2125"]
[PlyCount "64"]
[EventDate "2008.??.??"]
[EventType "tourn (corr)"]
[EventRounds "6"]
[EventCountry "GER"]
[SourceTitle "Corr 2011"]
[Source "ChessBase"]
[SourceDate "2010.08.31"]
[SourceVersion "1"]
[SourceVersionDate "2010.08.31"]
[SourceQuality "1"]

1. e4 e6 2. d4 d5 3. Nc3 Bb4 4. e5 c5 5. a3 Bxc3+ 6. bxc3 Ne7 7. Qg4 0-0 8. Bd3 f5 9. exf6 Rxf6 10. Bg5 Rf7 11. Qh4 h6 12. Bxe7 Rxe7 13. Qg3 Qa5 14. Ne2 cxd4 15. Qg6 Nd7 16. Qh7+ Kf7 17. Bg6+ Kf6 18. Bh5 Nf8 19. Qd3 g6 20. Qxd4+ e5 21. Qh4+ Kf7 22. Bg4 Bxg4 23. Qxg4 Nd7 24. Qh4 Rh8 25. f4 exf4 26. Qxf4+ Ke8 27. Qd4 Rhh7 28. Rf1 Re4 29. Qd2 Rhe7 30. Rf2 Nf6 31. h3 Nh5 32. Kd1 Qc5 0-1

[Event "GER-ch37 V9 email"]
[Site "GER email"]
[Date "2007.02.02"]
[Round "?"]
[White "Fuhrwerk, Klaus"]
[Black "Dressel, Robert"]
[Result "1/2-1/2"]
[WhiteElo "2122"]
[BlackElo "2125"]
[PlyCount "79"]
[EventDate "2007.??.??"]
[EventType "tourn (corr)"]
[EventRounds "10"]
[EventCountry "GER"]
[SourceTitle "Corr 2008"]
[Source "ChessBase"]
[SourceDate "2008.06.24"]
[SourceVersion "1"]
[SourceVersionDate "2008.06.24"]
[SourceQuality "1"]

1. e4 e6 2. d4 d5 3. Nd2 c5 4. exd5 exd5 5. Ngf3 Nf6 6. Bb5+ Bd7 7. Bxd7+ Nbxd7 8. 0-0 Be7 9. dxc5 Nxc5 10. Nd4 Qd7 11. N2f3 0-0 12. Bf4 Rfe8 13. Re1 Bf8 14. Ne5 Qc7 15. c3 Qb6 16. Qc2 Bd6 17. Bg3 Bc7 18. Rad1 Nce4 19. Nd3 Nxg3 20. Rxe8+ Rxe8 21. hxg3 Qa5 22. a4 g6 23. Nb5 Bb8 24. Nd4 a6 25. Qb3 Ba7 26. Nf3 Re7 27. Nf4 Qc5 28. Rd4 Qc7 29. Nxd5 Nxd5 30. Rxd5 Qxg3 31. Qc2 Qf4 32. Rd8+ Kg7 33. b3 Bb6 34. Rd5 Bc7 35. c4 Qf6 36. Qd1 Qc3 37. Rd3 Qb2 38. Rd2 Qf6 39. Rd5 Qc3 40. Rd3 1/2-1/2

[Event "GER-ch37 V9 email"]
[Site "GER email"]
[Date "2007.02.02"]
[Round "?"]
[White "Herrmann, Hans"]
[Black "Dressel, Robert"]
[Result "1/2-1/2"]
[WhiteElo "2152"]
[BlackElo "2125"]
[PlyCount "29"]
[EventDate "2007.??.??"]
[EventType "tourn (corr)"]
[EventRounds "10"]
[EventCountry "GER"]
[SourceTitle "Corr 2008"]
[Source "ChessBase"]
[SourceDate "2008.06.24"]
[SourceVersion "1"]
[SourceVersionDate "2008.06.24"]
[SourceQuality "1"]

1. e4 e6 2. d4 d5 3. Nd2 c5 4. Ngf3 Nf6 5. exd5 exd5 6. Bb5+ Bd7 7. Bxd7+ Nbxd7 8. 0-0 Be7 9. dxc5 Nxc5 10. Re1 0-0 11. Nf1 Re8 12. Be3 a5 13. c3 a4 14. Qc2 a3 15. b4 1/2-1/2

[Event "GER-chT2 LF-22 B2 email"]
[Site "GER email"]
[Date "2007.??.??"]
[Round "?"]
[White "Dressel, Robert"]
[Black "Meissner, Ruediger"]
[Result "1/2-1/2"]
[WhiteElo "2125"]
[BlackElo "2125"]
[PlyCount "33"]
[EventDate "2007.??.??"]
[EventType "team (corr)"]
[EventRounds "9"]
[EventCountry "GER"]
[SourceTitle "Corr 2008"]
[Source "ChessBase"]
[SourceDate "2008.06.24"]
[SourceVersion "1"]
[SourceVersionDate "2008.06.24"]
[SourceQuality "1"]

1. e4 c5 2. c3 d5 3. exd5 Qxd5 4. d4 Nf6 5. Nf3 Bg4 6. Be2 e6 7. 0-0 Nc6 8. Na3 Be7 9. Nb5 Qd8 10. dxc5 Bxc5 11. Nbd4 Bxd4 12. Nxd4 Bxe2 13. Nxe2 Qxd1 14. Rxd1 Ke7 15. b3 Rhd8 16. Ba3+ Ke8 17. c4 1/2-1/2

[Event "GER-chT2 LF-22 B2 email"]
[Site "GER email"]
[Date "2007.??.??"]
[Round "?"]
[White "Schueler, Wolfgang"]
[Black "Dressel, Robert"]
[Result "1/2-1/2"]
[WhiteElo "2152"]
[BlackElo "2125"]
[PlyCount "41"]
[EventDate "2007.??.??"]
[EventType "team (corr)"]
[EventRounds "9"]
[EventCountry "GER"]
[SourceTitle "Corr 2008"]
[Source "ChessBase"]
[SourceDate "2008.06.24"]
[SourceVersion "1"]
[SourceVersionDate "2008.06.24"]
[SourceQuality "1"]

1. e4 e6 2. d4 d5 3. Nd2 c5 4. Ngf3 cxd4 5. exd5 Qxd5 6. Bc4 Qd6 7. 0-0 Nf6 8. Nb3 Nc6 9. Nbxd4 Nxd4 10. Qxd4 Qxd4 11. Nxd4 Bd7 12. Bf4 Rc8 13. Bd3 Bc5 14. Nb3 Be7 15. c3 0-0 16. Rad1 Bc6 17. Rfe1 Bd5 18. Be3 a6 19. Bc2 b5 20. a3 Nd7 21. Be4 1/2-1/2